LAUTECH

Continuity and Change (Record no. 41580)

MARC details
000 -LEADER
fixed length control field 00861nam a2200241 4500
008 - FIXED-LENGTH DATA ELEMENTS--GENERAL INFORMATION
fixed length control field 260630b |||||||| |||| 00| 0 eng d
020 ## - INTERNATIONAL STANDARD BOOK NUMBER
ISBN 0521219388
020 ## - INTERNATIONAL STANDARD BOOK NUMBER
ISBN 0521293189
100 ## - MAIN ENTRY--AUTHOR
Author Simon, Rita James
245 ## - TITLE STATEMENT
Title Continuity and Change
Remainder of title A Study of two ethnic communities in Israel
Statement of responsibility, etc Rita James Simon
260 ## - PUBLICATION, DISTRIBUTION, ETC. (IMPRINT)
Place of publication United state of America
Name of publisher Murray printing
Date of publication 1978
300 ## - PHYSICAL DESCRIPTION
Pagination xi,180p.:
Other physical details Illu.
440 ## - SERIES STATEMENT/ADDED ENTRY--TITLE
Series Title The Arnold and Caroline Rose monograph series of the American Sociological Association
500 ## - GENERAL NOTE
General note Include Reference and Index
650 ## - SUBJECT ADDED ENTRY--TOPICAL TERM
Topical term Social surveys-Israel
650 ## - SUBJECT ADDED ENTRY--TOPICAL TERM
Topical term Jerusalem. Meah she'arim
Form subdivision Social conditions
650 ## - SUBJECT ADDED ENTRY--TOPICAL TERM
Topical term Jews in Jerusalem
Form subdivision Social conditions
650 ## - SUBJECT ADDED ENTRY--TOPICAL TERM
Topical term Palestinian Arabs
Form subdivision Israel
General subdivision Social conditions
650 ## - SUBJECT ADDED ENTRY--TOPICAL TERM
Topical term Sex role
942 ## - ADDED ENTRY ELEMENTS (KOHA)
Item type Books
050 ## - LIBRARY OF CONGRESS CALL NUMBER
Classification number HN660.A8
Item number S56 1978
Holdings
Source of classification or shelving scheme Not for loan Collection code Home library Current library Shelving location Date acquired Mode of acquisition Full call number Accen. No. Copy number Koha item type
Library of Congress Classification   Non-fiction OLUSEGUN OKE LIBRARY LAUTECH OLUSEGUN OKE LIBRARY LAUTECH Olusegun Oke Library North Reading Room 30/06/2026 Purchased HN660.A8 S56 1978 0022294 1 Books